| 000 | 01966nam a2200565 i 4500 | ||
|---|---|---|---|
| 001 | 36324 | ||
| 003 | KOSZ 005 | ||
| 005 | 20220830103251.0 | ||
| 008 | 220817s1999 pl a f 001 0 pol | ||
| 015 | _aUWD 2000/428 | ||
| 020 | _a837243011X | ||
| 035 | _a991012363859705066 | ||
| 035 | _a(PL-WaBN)b13346088-48omnis_nlop | ||
| 035 | _ab13346088 | ||
| 035 | _a(OCoLC)69341203 | ||
| 035 | _azz2005885248 | ||
| 035 | _a(PL)b0000001334608 | ||
| 035 | _a(EXLNZ-48OMNIS_NETWORK)9910124236305606 | ||
| 040 |
_aWA N _cWA N _dKOSZ 005/RW |
||
| 041 | 1 |
_apol _heng |
|
| 046 | _k1999 | ||
| 080 | _a004.4 | ||
| 080 | _a(07) | ||
| 100 | 1 |
_aHalvorson, Michael _eAutor |
|
| 245 | 1 | 0 |
_aPodręcznik Microsoft Office 2000 professional : _bwersja polska / _cMichael Halvorson, Michael Young ; [tłumaczyli Marzena Baranowska, Marcin Moskwa, Piotr Stokłosa]. |
| 246 | 1 |
_iTytuł oryginału: _aRunning Microsoft Office 2000 professional, _f1999 |
|
| 250 | _aWydanie I. | ||
| 260 |
_aWarszawa : _b"RM", _c1999. |
||
| 300 |
_aXXXIII, 1086 stron : _bilustracje ; _c25 cm. |
||
| 336 |
_aTekst _btxt _2rdacontent |
||
| 337 |
_aBez urządzenia pośredniczącego _bn _2rdamedia |
||
| 338 |
_aWolumin _bnc _2rdacarrier |
||
| 380 | _aKsiążki | ||
| 380 | _aPublikacje dydaktyczne | ||
| 388 | 1 | _a1901-2000 | |
| 388 | 1 | _a1989-2000 | |
| 504 | _aIndeks. | ||
| 650 | 7 |
_aMicrosoft Office _2DBN |
|
| 650 | 7 |
_aPakiety biurowe _2DBN |
|
| 655 | 7 |
_aPodręcznik _2DBN |
|
| 658 | _aInformatyka i technologie informacyjne | ||
| 700 | 1 |
_aBaranowska, Marzena _eTłumaczenie |
|
| 700 | 1 |
_aMoskwa, Marcin _eTłumaczenie |
|
| 700 | 1 |
_aStokłosa, Piotr _c(informatyk) _eTłumaczenie |
|
| 700 | 1 |
_aYoung, Michael J. _eAutor |
|
| 710 | 2 |
_aWydawnictwo RM _4pbl |
|
| 856 |
_uhttp://koha.tu.koszalin.pl/cgi-bin/koha/opac-detail.pl?biblionumber=36324 _yKatalog online BPK |
||
| 942 |
_2UKD _cKS |
||
| 999 |
_c36324 _d36324 |
||